Prechod na euro v podvojnom účtovníctve
Prehľad novelizovaných predpisov upravujúcich účtovníctvo podnikateľských subjektov v sústave podvojného účtovníctva v súvislosti so zavedením eura.
Gespeichert in:
| 1. Verfasser: | |
|---|---|
| Format: | Buchkapitel |
| Sprache: | Slowakisch |
| Schlagworte: | |
| Tags: |
Keine Tags, Fügen Sie das erste Tag hinzu!
|
MARC
| LEADER | 00000naa$a2200000$$$4500 | ||
|---|---|---|---|
| 001 | 0089286 | ||
| 005 | 20231127100001.4 | ||
| 041 | 0 | |a slo | |
| 044 | |a SK | ||
| 245 | 1 | 0 | |a Prechod na euro v podvojnom účtovníctve |c Beáta Moravcová |
| 520 | |a Prehľad novelizovaných predpisov upravujúcich účtovníctvo podnikateľských subjektov v sústave podvojného účtovníctva v súvislosti so zavedením eura. | ||
| 610 | 2 | 0 | |a euro |
| 610 | 2 | 0 | |a Slovensko |
| 610 | 2 | 0 | |a úpravy právne |
| 610 | 2 | 0 | |a novelizácia |
| 610 | 2 | 0 | |a zákony |
| 610 | 2 | 0 | |a účtovníctvo |
| 610 | 2 | 0 | |a podnikanie |
| 100 | 1 | |a Moravcová, Beáta | |